Hero/ (Record no. 163783)

MARC details
000 -LEADER
fixed length control field 00691nam a22002057a 4500
005 - DATE AND TIME OF LATEST TRANSACTION
control field 20190430152222.0
010 ## - LCCN (DPL NO)
LC control number B-416867
020 ## - INTERNATIONAL STANDARD BOOK NUMBER
International Standard Book Number 9788189988272
035 ## - SYSTEM CONTROL NUMBER
System control number B-416867
037 ## - SOURCE OF ACQUISITION
Source of stock number/acquisition DBAD/PUB
082 ## - DEWEY DECIMAL CLASSIFICATION NUMBER
Classification number 791.4302
100 ## - MAIN ENTRY--PERSONAL NAME
Personal name Raj,Ashok
245 ## - TITLE STATEMENT
Title Hero/
Statement of responsibility, etc by Ashok Raj
260 ## - PUBLICATION, DISTRIBUTION, ETC. (IMPRINT)
Place of publication, distribution, etc New Delhi
Name of publisher, distributor, etc Hay House Publishers(India) Pvt. Ltd.
Date of publication, distribution, etc 2010
270 ## - ADDRESS
Address Muskaan Complex, Plot No.3, B-2 Vasant Kunj
City New Delhi
Postal code 110070
Electronic mail address contact@hayhouse.co.in.
300 ## - PHYSICAL DESCRIPTION
Extent xiv,406p.
Other physical details ill.
Dimensions 23cms(hbk)
500 ## - GENERAL NOTE
General note It includes index
942 ## - ADDED ENTRY ELEMENTS (KOHA)
Source of classification or shelving scheme Dewey Decimal Classification
Item type English Books
Classification part 791.4302
Call number suffix ASH
Holdings
Withdrawn status Lost status Materials specified (bound volume or other part) Not for loan Collection code Home library Current library Date acquired Full call number Barcode Copy number Koha item type
    V-1   Non-fiction Central Library Central Library 04/05/2019 791.4302 ASH b-416867 1 English Books

© Delhi Public Library
Hit Counter
free hit counter